Public schools and the general educational system: Report of the committee on public schools appointed by the president of the board of education in July 1942 (Record no. 15394)

MARC details
000 -LEADER
fixed length control field 00520nam a2200145Ia 4500
005 - DATE AND TIME OF LATEST TRANSACTION
control field 20240814120843.0
008 - FIXED-LENGTH DATA ELEMENTS--GENERAL INFORMATION
fixed length control field 240813s9999||||xx |||||||||||||| ||und||
082 ## - DEWEY DECIMAL CLASSIFICATION NUMBER
Classification number 370.61 GRE
100 ## - MAIN ENTRY--PERSONAL NAME
Personal name Board of Education England
245 #0 - TITLE STATEMENT
Title Public schools and the general educational system: Report of the committee on public schools appointed by the president of the board of education in July 1942
260 ## - PUBLICATION, DISTRIBUTION, ETC.
Place of publication, distribution, etc. London
Name of publisher, distributor, etc. Her Majesty's stationery office
Date of publication, distribution, etc. 1944
300 ## - PHYSICAL DESCRIPTION
Extent 132p
650 ## - SUBJECT ADDED ENTRY--TOPICAL TERM
Topical term or geographic name entry element SECONDARY EDUCATION
942 ## - ADDED ENTRY ELEMENTS (KOHA)
Koha item type Book
Holdings
Withdrawn status Lost status Damaged status Not for loan Home library Current library Date acquired Total checkouts Barcode Date last seen Price effective from Koha item type
        Library and Documentation Division NCERT Library and Documentation Division NCERT 08/14/2024   16145 08/14/2024 08/14/2024 Book